| 000 | 00000nam##2200000za#4500 |
| 001 | 9.690129 |
| 003 | CaOODSP |
| 005 | 20210624232212 |
| 007 | cr ||||||||||| |
| 008 | 150407|2007||||xxc|||||o f|0| 0 eng|d |
| 020 | |a978-0-662-46628-4 |
| 040 | |aCaOODSP|beng |
| 043 | |an-cn--- |
| 086 | 1 |aHS28-127/2007E-PDF |
| 110 | 1 |aCanada.|bHuman Resources and Skills Development Canada. |bStrategic Policy and Research Branch. |
| 245 | 10|aEvaluation of the third session of the World Urban Forum : |h[electronic resource]|bfinal report |
| 260 | |aGatineau - Quebec : |bHuman Resources and Skills Development Canada. |cJune 2007. |
| 300 | |a57p.|bgraphs, references, tables |
| 590 | |a13-05-Supp|b2013-02-27 |
| 690 | 07|aUrban development|2gcpds |
| 775 | 08|tÉvaluation de la troisième session du Forum urbain mondial : |w(CaOODSP)9.634502 |
| 856 | 40|ahttp://publications.gc.ca|qPDF|s334 KB|uhttps://publications.gc.ca/collections/collection_2013/rhdcc-hrsdc/HS28-127-2007-eng.pdf |
| 986 | |aSP-AH-688-06-07E |